Word Ladder: Christian Slater Movie Quiz Stats

 Plays Quiz Updated Feb 6, 2015

Challenge
Share
Tweet
Embed
Score 0/11 Timer 01:00
4 Plays Today
Hint 4-letter Word % Correct
Solid or difficultHARD
97.6%
Water falling from the skyRAIN
93.1%
Beard locationCHIN
92.8%
Son of Adam and EveCAIN
89.9%
A long-eared lagomorphHARE
81.4%
Pub projectileDART
80.8%
To challengeDARE
80%
Skin blemishWART
61.6%
A marker or IOUCHIT
56.1%
PauseWAIT
55.1%
The smallest possible partWHIT
42.6%

Today's Daily Dose

You're not logged in!

Compare scores with friends on all Sporcle quizzes.
OR
Log In

You Might Also Like...

Show Comments

Extras

Top Quizzes Today


Score Distribution

Your Account Isn't Verified!

In order to create a playlist on Sporcle, you need to verify the email address you used during registration. Go to your Sporcle Settings to finish the process.

Report this User

Report this user for behavior that violates our Community Guidelines.

Details: